Stations du métro de Paris par lesquelles passent au moins 3 lignes - Statistiques

Statistiques générales
  • Ce quiz a été pris 116 fois
  • Le résultat moyen est 11 sur 16
Statistiques - réponses
Hint Réponse % Correct
1, 4, 7, 11, 14 Châtelet
95%
1, 2, 6, 9 Nation
87%
3, 5, 8, 9, 11 République
78%
3, 12, 13, 14 Saint-Lazare
78%
1, 5, 8 Bastille
74%
4, 5, 7 Gare de l'Est
74%
1, 2, 6 Charles de Gaulle - Étoile
72%
4, 6, 12, 13 Montparnasse Bienvenüe
68%
3, 7, 8 Opéra
62%
1, 8, 12 Concorde
61%
8, 12, 14 Madeleine
59%
5, 6, 7 Place d'Italie
59%
2, 5, 7bis Jaurès
54%
2, 5, 7 Stalingrad
52%
4, 8, 9 Strasbourg - Saint-Denis
52%
6, 8, 10 La Motte-Picquet Grenelle
46%
Aucun quiz correspondant
Distribution des résultats
% des personnes avec chaque résultat
Percentile par nombre de réponses
Votre historique - résultats
Vous n’avez pas pris ce quiz